Les villes les plus peuplées d'Europe commençant par L - Statistiques

Statistiques générales
  • Ce quiz a été pris 125 fois
  • Le résultat moyen est 6 sur 10
Statistiques - réponses
Pays Population Villes % Correct
Angleterre 8 776 000 Londres
97%
France 522 000 Lyon
95%
Portugal 545 000 Lisbonne
93%
Angleterre 506 000 Liverpool
72%
Pays-Bas 803 000 La Haye
66%
Angleterre 536 000 Leeds
65%
Allemagne 601 000 Leipzig
50%
Ukraine 717 000 Lviv
46%
Pologne 670 000 Lodz
32%
Russie 496 000 Lipetsk
3%
Aucun quiz correspondant
Distribution des résultats
% des personnes avec chaque résultat
Percentile par nombre de réponses
Votre historique - résultats
Vous n’avez pas pris ce quiz